| 000 | 00498nam a2200157 4500 | ||
|---|---|---|---|
| 020 | _a003080132X | ||
| 082 | 0 | 0 |
_a001.434 _bHIC |
| 100 | 1 |
_aHicks, Charles Robert, _936446 |
|
| 245 | 1 | 0 |
_aFundamental concepts in the design of experiments _c[by] Charles R. Hicks. |
| 250 | _a[2d ed.] | ||
| 260 |
_aNew York, _bHolt, Rinehart and Winston _c[1973] |
||
| 300 |
_axiii, 349 p. _billus. _c23 cm. |
||
| 526 |
_a0 _b0 _c0 _d001_434000000000000_HIC |
||
| 650 | 0 |
_aExperimental design. _910527 |
|
| 942 |
_2ddc _cBK |
||
| 999 |
_c541507 _d541507 |
||